[Event "AUT2O-chT 1998/99"]
[Site "Stockerau"]
[Date "1999.03.13"]
[Round "10.1"]
[White "Lanc, Alois"]
[Black "Koutsin, Sergej"]
[Result "1/2-1/2"]
[WhiteElo "2405"]
[BlackElo "2415"]
[PlyCount "123"]
[EventDate "1999.03.13"]

1. e4 e6 2. d4 d5 3. Nc3 Nf6 4. Bg5 Bb4 5. e5 h6 6. Bd2 Bxc3 7. bxc3 Ne4 8. Qg4
g6 9. Bd3 Nxd2 10. Kxd2 c5 11. Nf3 c4 12. Be2 Bd7 13. h4 Qe7 14. h5 g5 15. Nh2
Nc6 16. Qf3 O-O-O 17. a3 Nb8 18. Ng4 Bc6 19. Qe3 Rdg8 20. Rh3 Nd7 21. Rf3 Rf8
22. Nf6 Nxf6 23. Rxf6 Rfg8 24. Bg4 Kb8 25. Ke2 Rg7 26. Qc1 a5 27. Qb2 Ka7 28.
Rb1 Qc7 29. g3 Be8 30. Kf1 Rhh7 31. Kg1 Rg8 32. Kh2 Ba4 33. f3 Bc6 34. Rg1 Qe7
35. Qc1 Be8 36. Kh3 Ba4 37. Rg2 Be8 38. f4 gxf4 39. gxf4 Bd7 40. Bf3 Rxg2 41.
Bxg2 Qf8 42. Bf3 Qg7 43. Kh2 Rh8 44. Qg1 Qh7 45. Qf2 Rg8 46. Qd2 Qg7 47. Qf2
Qf8 48. Qd2 Qg7 49. Qf2 Ba4 50. Bd1 Qf8 51. Qd2 Qg7 52. Qf2 Be8 53. Bf3 Qf8 54.
Qe3 Qxa3 55. f5 Qb2 56. fxe6 fxe6 57. Rxe6 Qxc2+ 58. Qe2 Qc1 59. Qf2 Qf4+ 60.
Kh1 Qc1+ 61. Kh2 Qf4+ 62. Kh1 1/2-1/2

[Event "AUT2O-chT 1998/99"]
[Site "Stockerau"]
[Date "1999.03.13"]
[Round "10.2"]
[White "Miniboeck, Guenter"]
[Black "Sommerbauer, Norbert"]
[Result "1-0"]
[WhiteElo "2350"]
[BlackElo "2400"]
[PlyCount "117"]
[EventDate "1999.03.13"]

1. d4 Nf6 2. c4 c5 3. d5 b5 4. cxb5 a6 5. bxa6 Bxa6 6. Nc3 g6 7. f4 Bg7 8. Nf3
O-O 9. e4 Bxf1 10. Rxf1 d6 11. e5 dxe5 12. fxe5 Ng4 13. Qe2 Nd7 14. e6 Nde5 15.
Ng5 f6 16. Nf7 Rxf7 17. exf7+ Kh8 18. Bf4 c4 19. O-O-O f5 20. h3 Nd3+ 21. Rxd3
cxd3 22. Qe6 Nf6 23. Be5 Nd7 24. Bxg7+ Kxg7 25. g4 Nc5 26. Qe3 Qb6 27. Qxe7 Rf8
28. gxf5 Rxf7 29. f6+ Qxf6 30. Qxf7+ Kxf7 31. Rxf6+ Kxf6 32. Kd2 Ke5 33. Ke3 g5
34. b4 Na6 35. a3 h5 36. Kxd3 Kf4 37. Ne2+ Kf3 38. d6 Nb8 39. a4 h4 40. b5 g4
41. hxg4 Kf2 42. Nf4 Kf3 43. Nh3 Kxg4 44. Ng1 Kf5 45. Kd4 Ke6 46. Kc5 Kd7 47.
a5 Kc8 48. a6 Nd7+ 49. Kc6 Ne5+ 50. Kd5 Nd7 51. Ke6 Nb6 52. Ke7 Nd5+ 53. Ke8
Nf6+ 54. Kf7 Nd5 55. a7 Nb6 56. Ke8 Kb7 57. d7 Nxd7 58. Kxd7 Kxa7 59. Kc7 1-0

[Event "AUT2O-chT 1998/99"]
[Site "Stockerau"]
[Date "1999.03.13"]
[Round "10.3"]
[White "Poecksteiner, Johann"]
[Black "Sulyok, Michael"]
[Result "1-0"]
[WhiteElo "2205"]
[BlackElo "2270"]
[PlyCount "61"]
[EventDate "1999.03.13"]

1. e4 g6 2. d4 Bg7 3. g3 d5 4. e5 c5 5. c3 Nc6 6. Bg2 Bf5 7. Ne2 e6 8. O-O Nge7
9. Bg5 Qb6 10. Qd2 h6 11. dxc5 Qxc5 12. Be3 Qa5 13. f4 h5 14. a4 Bxb1 15. Rfxb1
Nf5 16. b4 Qd8 17. Bf2 f6 18. exf6 Bxf6 19. a5 a6 20. Bb6 Qd7 21. Re1 Kf7 22.
Rad1 Qc8 23. Nc1 Nd8 24. Bc5 Re8 25. Nd3 Nc6 26. Ne5+ Nxe5 27. fxe5 Bg7 28. Qf2
b5 29. axb6 Kg8 30. c4 dxc4 31. b7 1-0

[Event "AUT2O-chT 1998/99"]
[Site "Stockerau"]
[Date "1999.03.13"]
[Round "10.4"]
[White "Eibersberger, Manfred"]
[Black "Steiner, Heinz"]
[Result "1/2-1/2"]
[WhiteElo "2165"]
[BlackElo "2160"]
[PlyCount "85"]
[EventDate "1999.03.13"]

1. d4 Nf6 2. Nf3 g6 3. c4 Bg7 4. g3 O-O 5. Bg2 d6 6. O-O a6 7. Nc3 Nc6 8. b3
Rb8 9. Bb2 b5 10. cxb5 axb5 11. Ng5 Bd7 12. d5 Na5 13. Qd2 c5 14. dxc6 Nxc6 15.
Rfd1 h6 16. Nh3 Ne5 17. Nf4 Be8 18. Nfd5 Nfd7 19. f4 Nc6 20. Ne4 f6 21. Rac1
Nb6 22. Kh1 Kh7 23. Nxb6 Qxb6 24. Nc3 Nb4 25. a3 Na6 26. Nd5 Qd8 27. b4 Bd7 28.
Qe3 e6 29. Nc3 d5 30. Nb1 Qe8 31. Nd2 Qf7 32. Nb3 Rfc8 33. Rxc8 Rxc8 34. Rc1
Rxc1+ 35. Qxc1 e5 36. fxe5 fxe5 37. Nc5 Nxc5 38. Qxc5 e4 39. Bxg7 Qxg7 40. Kg1
Qa1+ 41. Kf2 Qf6+ 42. Ke3 Qe5 43. Qa7 1/2-1/2

[Event "AUT2O-chT 1998/99"]
[Site "Stockerau"]
[Date "1999.03.13"]
[Round "10.1"]
[White "Schweda, Roland"]
[Black "Banas, Jan"]
[Result "0-1"]
[WhiteElo "2370"]
[BlackElo "2425"]
[PlyCount "120"]
[EventDate "1999.03.13"]

1. d4 Nf6 2. c4 g6 3. Nc3 d5 4. cxd5 Nxd5 5. e4 Nxc3 6. bxc3 Bg7 7. Bc4 c5 8.
Ne2 O-O 9. O-O Nc6 10. Be3 Na5 11. Bd3 b6 12. Rc1 Bb7 13. Qd2 e6 14. Bh6 Rc8
15. Bxg7 Kxg7 16. Qf4 Qe7 17. Rfe1 Rfd8 18. e5 Nc6 19. Be4 cxd4 20. Bxc6 Bxc6
21. cxd4 Bb7 22. h4 h5 23. Red1 b5 24. Qg3 b4 25. Nf4 Rxc1 26. Rxc1 Kh7 27. Qe3
Bd5 28. Nxd5 Rxd5 29. g3 Qd7 30. Rc4 a5 31. Qf4 Rb5 32. g4 hxg4 33. Qxg4 Rb8
34. Kh2 Kg7 35. Qf4 Qe7 36. d5 exd5 37. Rc6 Rh8 38. Kg3 Rh5 39. e6 Rf5 40. Qd4+
Qf6 41. Qxf6+ Kxf6 42. exf7+ Kxf7 43. Ra6 d4 44. Rd6 Rc5 45. f3 Rc2 46. a3 b3
47. Rxd4 Ke6 48. Rg4 Kf6 49. Rg5 a4 50. Rg4 Rc1 51. Rb4 Ra1 52. Kf4 Rxa3 53.
Rb6+ Kf7 54. Ke5 Ra2 55. Rb7+ Ke8 56. Kf6 Rg2 57. f4 b2 58. f5 gxf5 59. h5 a3
60. h6 Rh2 0-1

[Event "AUT2O-chT 1998/99"]
[Site "Stockerau"]
[Date "1999.03.13"]
[Round "10.2"]
[White "Neubauer, Martin"]
[Black "Stranz, Richard"]
[Result "1-0"]
[WhiteElo "2305"]
[BlackElo "2255"]
[PlyCount "77"]
[EventDate "1999.03.13"]

1. e4 e6 2. Nc3 d5 3. d4 dxe4 4. Nxe4 Nd7 5. Nf3 Ngf6 6. Nxf6+ Nxf6 7. Bg5 h6
8. Bxf6 Qxf6 9. Bb5+ c6 10. Bd3 g6 11. Qe2 Bg7 12. c3 O-O 13. O-O Qe7 14. h4 c5
15. h5 g5 16. Ne5 Rd8 17. Rad1 cxd4 18. cxd4 Bd7 19. Qe4 Bc6 20. Qh7+ Kf8 21.
f4 g4 22. f5 Bxe5 23. dxe5 Qc5+ 24. Kh1 Qe3 25. Be4 Rxd1 26. Rxd1 exf5 27. Bxc6
Qxe5 28. Qxh6+ Qg7 29. Qxg7+ Kxg7 30. Bxb7 Rh8 31. g3 Rxh5+ 32. Kg2 Rh6 33. Rd7
Rb6 34. b3 Kg6 35. Bd5 f4 36. gxf4 f6 37. Rxa7 Kf5 38. Kg3 Rd6 39. Ra5 1-0

[Event "AUT2O-chT 1998/99"]
[Site "Stockerau"]
[Date "1999.03.13"]
[Round "10.3"]
[White "Ranits, Franz"]
[Black "Fusi, Christoph"]
[Result "0-1"]
[WhiteElo "2220"]
[BlackElo "2250"]
[PlyCount "82"]
[EventDate "1999.03.13"]

1. e4 c6 2. d4 d5 3. e5 Bf5 4. Nc3 Qb6 5. Bd3 Bxd3 6. Qxd3 e6 7. Nge2 h5 8. O-O
Ne7 9. a4 Nf5 10. Bg5 Qa6 11. Qf3 Nd7 12. Rad1 Be7 13. Bxe7 Kxe7 14. Ng3 g6 15.
Qf4 Rag8 16. h4 Qc4 17. Nge2 Kd8 18. g3 Qb4 19. Qd2 Kc8 20. b3 c5 21. f4 Kb8
22. Rf3 Rc8 23. Nb5 a6 24. Nbc3 Rc7 25. dxc5 Rxc5 26. Nd4 Rhc8 27. Nce2 Qb6 28.
Kg2 R5c7 29. Qd3 Nc5 30. Qd2 Ne4 31. Qe1 Rxc2 32. Nxc2 Rxc2 33. Kh3 Rb2 34. Rb1
Rxb1 35. Qxb1 Nd2 36. Qd3 Nxf3 37. Qxf3 Qe3 38. Qxe3 Nxe3 39. Nd4 Kc7 40. Kh2
Kb6 41. b4 a5 0-1

[Event "AUT2O-chT 1998/99"]
[Site "Stockerau"]
[Date "1999.03.13"]
[Round "10.4"]
[White "Zetthofer, Gerald"]
[Black "Krpelan, Wolfgang"]
[Result "1/2-1/2"]
[WhiteElo "2210"]
[BlackElo "2190"]
[PlyCount "148"]
[EventDate "1999.03.13"]

1. Nf3 d5 2. d4 c6 3. c4 Nf6 4. Nc3 dxc4 5. a4 Na6 6. e3 Bg4 7. Bxc4 Bxf3 8.
Qxf3 Nb4 9. O-O a5 10. Rd1 e6 11. Rb1 Be7 12. e4 O-O 13. Bg5 Nd7 14. Bf4 Nb6
15. Bb3 Qd7 16. Be3 Ra6 17. Rbc1 Kh8 18. Qh3 Qd6 19. Ne2 Qd7 20. Nf4 Bd6 21.
Rc3 Qe8 22. Nh5 Nd7 23. Bg5 f5 24. e5 Bc7 25. Nxg7 Kxg7 26. Qh6+ Kh8 27. Bxe6
c5 28. Rh3 Rf7 29. Bxf7 Qxf7 30. Qh4 c4 31. Bd8 Nd5 32. Bxc7 Nxc7 33. Qd8+ Nf8
34. d5 Ra8 35. Qd6 Na6 36. e6 Qf6 37. Qb6 Rd8 38. Qxb7 Qxe6 39. Re3 Qd6 40. Qf7
Qg6 41. Qe7 Qd6 42. Qf7 Qg6 43. Qa7 Qf6 44. Rc3 Rd7 45. Qe3 Nb4 46. Rxc4 Rxd5
47. Rxd5 Nxd5 48. Qd4 Qxd4 49. Rxd4 Nb6 50. Rf4 Ne6 51. Rxf5 Nxa4 52. Rxa5 Nxb2
53. Ra6 Nc5 54. Ra7 Nbd3 55. g3 Ne5 56. Re7 Ng6 57. Rc7 Ne6 58. Ra7 Nd4 59. Kg2
Nc6 60. Rd7 Nce7 61. f4 Kg8 62. Kf3 Kf7 63. Ke4 Nf8 64. Ra7 Ne6 65. g4 Kf6 66.
h4 Nc5+ 67. Kf3 h5 68. g5+ Ke6 69. Ra5 Kd6 70. Rb5 Nf5 71. Rb6+ Ke7 72. Rf6
Nxh4+ 73. Ke3 Ng2+ 74. Kf3 Nh4+ 1/2-1/2

[Event "AUT2O-chT 1998/99"]
[Site "Stockerau"]
[Date "1999.03.13"]
[Round "10.6"]
[White "Chulis, Alexander"]
[Black "Herbst, Daniel"]
[Result "1/2-1/2"]
[WhiteElo "2125"]
[BlackElo "2135"]
[PlyCount "118"]
[EventDate "1999.03.13"]

1. e4 c5 2. Ne2 d6 3. c4 Nc6 4. d4 Nf6 5. Nbc3 cxd4 6. Nxd4 Qb6 7. Be3 Ng4 8.
Nd5 Qa5+ 9. Bd2 Qc5 10. Bc3 Nxd4 11. b4 Qc6 12. b5 Qd7 13. Bxd4 b6 14. a4 Nf6
15. a5 Nxd5 16. cxd5 Rb8 17. axb6 axb6 18. Rc1 e5 19. Be3 Be7 20. Bd3 O-O 21.
O-O Qd8 22. Qd2 h6 23. g3 Bd7 24. f4 Bf6 25. Qf2 Rb7 26. Rc6 exf4 27. gxf4 Bxc6
28. bxc6 Rb8 29. Rb1 Bh4 30. Qb2 Bf6 31. Qb4 Qc8 32. f5 Bd8 33. Qxd6 Bc7 34.
Qd7 Qxd7 35. cxd7 b5 36. Rxb5 Rxb5 37. Bxb5 f6 38. Bc5 Rb8 39. Bc4 Bd8 40. d6+
Kh7 41. Be6 Rb2 42. Bc4 g6 43. fxg6+ Kxg6 44. Ba7 Kh5 45. Be3 Kg6 46. h3 h5 47.
Be6 Re2 48. Bf5+ Kg7 49. Ba7 Rb2 50. Bf2 Rd2 51. Bg3 Kf7 52. Kf1 Kg7 53. Ke1
Ra2 54. Bh4 Ba5+ 55. Kf1 Rd2 56. e5 fxe5 57. d8=Q Bxd8 58. Bxd8 Rxd6 59. Bc7
Rf6 1/2-1/2

[Event "AUT2O-chT 1998/99"]
[Site "Stockerau"]
[Date "1999.03.13"]
[Round "10.2"]
[White "Vavrak, Peter"]
[Black "Plachetka, Jan"]
[Result "1/2-1/2"]
[WhiteElo "2200"]
[BlackElo "2400"]
[PlyCount "26"]
[EventDate "1999.03.13"]

1. d4 Nf6 2. Nf3 d5 3. c4 e6 4. e3 Be7 5. Nc3 O-O 6. Qc2 b6 7. Bd3 Bb7 8. e4
dxe4 9. Nxe4 Nbd7 10. O-O c5 11. dxc5 Nxe4 12. Bxe4 Bxe4 13. Qxe4 Nxc5 1/2-1/2

[Event "AUT2O-chT 1998/99"]
[Site "Stockerau"]
[Date "1999.03.13"]
[Round "10.3"]
[White "Hangweyrer, Manfred"]
[Black "Hardt, Christian"]
[Result "1-0"]
[WhiteElo "2370"]
[BlackElo "2135"]
[PlyCount "61"]
[EventDate "1999.03.13"]

1. c4 Nf6 2. Nc3 g6 3. g3 Bg7 4. Bg2 O-O 5. Nf3 d6 6. O-O Nbd7 7. Rb1 a5 8. a3
Nb6 9. d3 a4 10. Be3 Nfd7 11. Qd2 Nc5 12. Bh6 Nb3 13. Qe3 e5 14. Bxg7 Kxg7 15.
Nd2 Nd4 16. f4 Nd7 17. Nf3 Nxf3+ 18. Qxf3 Nc5 19. Rf2 c6 20. Rbf1 Nb3 21. e3
Bf5 22. Rd1 h5 23. h3 Qd7 24. Kh2 Rh8 25. fxe5 dxe5 26. d4 exd4 27. exd4 Nxd4
28. Qf4 c5 29. Qe5+ Kh7 30. Qxc5 Ne6 31. Qxf5 1-0

[Event "AUT2O-chT 1998/99"]
[Site "Stockerau"]
[Date "1999.03.13"]
[Round "10.4"]
[White "Angerer, Michael"]
[Black "Vokroj, Rene"]
[Result "1-0"]
[WhiteElo "2085"]
[BlackElo "2285"]
[PlyCount "71"]
[EventDate "1999.03.13"]

1. e4 c5 2. Nf3 Nc6 3. c3 d5 4. exd5 Qxd5 5. d4 Nf6 6. Be2 e6 7. Na3 a6 8. Nc4
Qd8 9. O-O cxd4 10. cxd4 Be7 11. Bf4 Nd5 12. Bg3 f5 13. Be5 O-O 14. a4 b6 15.
Qb3 Ra7 16. Rac1 Rd7 17. Rfd1 Bb7 18. h3 Nxe5 19. Nfxe5 Rc7 20. Bf3 Bg5 21. Rc2
Ba8 22. Re2 Nf4 23. Ree1 Bd5 24. Bxd5 Qxd5 25. Qg3 Bh6 26. Nxb6 Qb7 27. a5 Rc2
28. Ned7 Rd8 29. d5 Rxd7 30. Nxd7 Qxd7 31. Qb3 Rc8 32. dxe6 Qe8 33. e7+ Kh8 34.
Qb7 Kg8 35. Qxc8 Qxc8 36. Rd8+ 1-0

[Event "AUT2O-chT 1998/99"]
[Site "Stockerau"]
[Date "1999.03.13"]
[Round "10.5"]
[White "Braun, Walter"]
[Black "Simon, Walter"]
[Result "1/2-1/2"]
[WhiteElo "2230"]
[BlackElo "2070"]
[PlyCount "122"]
[EventDate "1999.03.13"]

1. f4 d6 2. e4 c5 3. Nf3 Nc6 4. Bb5 Bd7 5. O-O a6 6. Bxc6 Bxc6 7. Nc3 e6 8. d4
cxd4 9. Nxd4 Nf6 10. Nxc6 bxc6 11. e5 dxe5 12. Qf3 e4 13. Nxe4 Nxe4 14. Qxe4
Qd5 15. Qe2 Bc5+ 16. Kh1 O-O 17. Bd2 Bd4 18. c4 Qf5 19. Be3 Qe4 20. Rae1 Rfd8
21. Bg1 Qxe2 22. Rxe2 Bxg1 23. Kxg1 Rd4 24. b3 g6 25. Re5 a5 26. Rc5 Ra6 27. g3
Kf8 28. Re1 Rd2 29. a4 Ke7 30. Rce5 Kd6 31. c5+ Ke7 32. g4 Rd4 33. R1e4 Rd3 34.
Re3 Rd4 35. R3e4 Rd3 36. f5 gxf5 37. gxf5 Rd5 38. fxe6 f6 39. Rxd5 cxd5 40. Rh4
Kxe6 41. Rxh7 Rc6 42. Kf2 Rxc5 43. Ke2 Rc3 44. Rb7 Rh3 45. Rb5 Ke5 46. Rxa5
Rxb3 47. Ra8 Rh3 48. a5 Rxh2+ 49. Kd3 Rh3+ 50. Kc2 Kd4 51. a6 Rc3+ 52. Kb2 Rc6
53. Kb3 f5 54. Kb4 Rb6+ 55. Ka5 Rb1 56. a7 f4 57. Rf8 Ke3 58. a8=Q Ra1+ 59. Kb4
Rxa8 60. Rxa8 f3 61. Re8+ Kd3 1/2-1/2

[Event "AUT2O-chT 1998/99"]
[Site "Stockerau"]
[Date "1999.03.13"]
[Round "10.2"]
[White "Groetz, Harald"]
[Black "Rumpl, Erwin"]
[Result "1/2-1/2"]
[WhiteElo "2225"]
[BlackElo "2210"]
[PlyCount "77"]
[EventDate "1999.03.13"]

1. e4 c5 2. Nf3 Nc6 3. d4 cxd4 4. Nxd4 e6 5. Nc3 a6 6. g3 Nge7 7. Nb3 d6 8. a4
Bd7 9. a5 Nc8 10. Bg2 Be7 11. O-O O-O 12. Be3 Ne5 13. Qe2 Qc7 14. Nd2 b5 15.
axb6 Nxb6 16. Rxa6 Nbc4 17. Nxc4 Nxc4 18. Rxa8 Rxa8 19. Bc1 Ra1 20. b3 Bf6 21.
Bf4 Bxc3 22. Rxa1 Bxa1 23. Qxc4 Qxc4 24. bxc4 e5 25. Bd2 Bd4 26. Bf1 Kf8 27.
Kg2 Ke7 28. Be2 Bc5 29. f4 exf4 30. gxf4 Bc6 31. Bd3 f5 32. Kf3 h6 33. h4 Kf6
34. Bc1 Kg6 35. Bb2 Bb6 36. Ba3 Bc5 37. Bb2 Bb6 38. Bc3 Bc5 39. Bb2 1/2-1/2

[Event "AUT2O-chT 1998/99"]
[Site "Stockerau"]
[Date "1999.03.13"]
[Round "10.3"]
[White "Wadsack, Wolfgang"]
[Black "Voegel, Wolfgang"]
[Result "1-0"]
[WhiteElo "2180"]
[BlackElo "2230"]
[PlyCount "67"]
[EventDate "1999.03.13"]

1. e4 c5 2. c3 d6 3. d4 Nf6 4. dxc5 Nc6 5. f3 dxc5 6. Qxd8+ Kxd8 7. Be3 e6 8.
Na3 a6 9. Nh3 h6 10. Nc4 e5 11. Nb6 Rb8 12. O-O-O+ Kc7 13. Nxc8 Kxc8 14. Bc4
Nd8 15. Rd2 Be7 16. Nf2 b5 17. Bd5 Re8 18. Rhd1 Rf8 19. Nd3 Nd7 20. b4 c4 21.
Nf2 Nb6 22. Ng4 f6 23. Kc2 Nxd5 24. Rxd5 Nc6 25. Bc5 Bxc5 26. Rxc5 Kc7 27. a4
bxa4 28. Ne3 Rb5 29. Rxc4 Rc8 30. Nf5 Kb6 31. Rd6 Kb7 32. Rd7+ Kb6 33. Nd6
Nxb4+ 34. Rxb4 1-0

[Event "AUT2O-chT 1998/99"]
[Site "Stockerau"]
[Date "1999.03.13"]
[Round "10.4"]
[White "Wiedermann, Franz"]
[Black "Gugler, Edgar"]
[Result "1-0"]
[WhiteElo "2175"]
[BlackElo "2220"]
[PlyCount "97"]
[EventDate "1999.03.13"]

1. d4 Nf6 2. c4 c6 3. Nc3 d5 4. cxd5 cxd5 5. Nf3 Nc6 6. Bf4 Bf5 7. e3 e6 8. Ne5
Nxe5 9. Bxe5 Bd6 10. Qa4+ Kf8 11. Rc1 Bxe5 12. dxe5 Ng4 13. Rd1 Qb6 14. Qa3+
Kg8 15. Be2 Nxe5 16. Rxd5 Nc6 17. Rb5 Qc7 18. O-O Rd8 19. Rc5 Bd3 20. Nb5 Bxb5
21. Bxb5 h5 22. Bxc6 bxc6 23. Qa4 Rh6 24. Rxc6 Qb7 25. Qc2 Rg6 26. Rc1 Rd5 27.
h4 Qb4 28. Rc8+ Kh7 29. Rc4 Qd6 30. Rc5 f5 31. Rxd5 Qxd5 32. g3 Qxa2 33. Qe2
Rg4 34. Kh2 Kg6 35. f4 Kh6 36. Rc3 a5 37. Qd2 a4 38. e4 fxe4 39. f5+ e3 40.
Rxe3 Kh7 41. fxe6 a3 42. Qd3+ Rg6 43. Qxa3 Qb1 44. Qc3 Rf6 45. Re1 Qf5 46. Qe3
Qc2+ 47. Re2 Qd1 48. e7 Rf1 49. Qe4+ 1-0

[Event "AUT2O-chT 1998/99"]
[Site "Stockerau"]
[Date "1999.03.13"]
[Round "10.5"]
[White "Bachmayer, Josef"]
[Black "Schirmbeck, Hannes"]
[Result "0-1"]
[WhiteElo "2160"]
[BlackElo "2165"]
[PlyCount "108"]
[EventDate "1999.03.13"]

1. d4 Nf6 2. Nc3 d5 3. Bg5 Nbd7 4. Nf3 h6 5. Bh4 c6 6. e3 e6 7. Bd3 Be7 8. O-O
O-O 9. Re1 c5 10. e4 Nxe4 11. Bxe7 Nxc3 12. bxc3 Qxe7 13. c4 dxc4 14. Bxc4 Nb6
15. Bd3 c4 16. Bf1 Qc7 17. Ne5 Bd7 18. Re3 Nd5 19. Rg3 Nf6 20. Bxc4 Ne4 21. Re3
Bc6 22. Qh5 Bd5 23. Bd3 f5 24. Rae1 b5 25. Qh4 Rf6 26. f3 Ng5 27. Qf2 b4 28.
Qe2 f4 29. Re4 Qc3 30. Ng4 Rff8 31. Re5 Qxd4+ 32. Kh1 Rad8 33. Rd1 Bc4 34. Qe1
Bxd3 35. Rxd3 Qb2 36. Rxd8 Rxd8 37. h4 Qxc2 38. Nf2 Rd2 39. hxg5 Rxf2 40. Rxe6
Rxg2 41. Re8+ Kh7 42. Qe4+ Qxe4 43. Rxe4 Rxg5 44. Rxb4 Ra5 45. a4 g5 46. Kg2
Kg6 47. Rc4 Kf5 48. Kh3 h5 49. Rb4 g4+ 50. Kh4 gxf3 51. Kh3 Re5 52. Rb8 Re1 53.
Rb5+ Ke6 54. Rb2 Rh1+ 0-1

[Event "AUT2O-chT 1998/99"]
[Site "Stockerau"]
[Date "1999.03.13"]
[Round "10.6"]
[White "Pernerstorfer, Johannes"]
[Black "Wadsack, Winfried"]
[Result "0-1"]
[WhiteElo "2115"]
[BlackElo "2130"]
[PlyCount "120"]
[EventDate "1999.03.13"]

1. e4 d5 2. e5 c5 3. Nf3 Bg4 4. h3 Bxf3 5. gxf3 a6 6. d3 Nc6 7. f4 e6 8. Nd2 g5
9. Nf3 gxf4 10. Bxf4 Nge7 11. Qe2 Ng6 12. Bg3 Qa5+ 13. c3 d4 14. Qd2 Bg7 15.
cxd4 Qxd2+ 16. Kxd2 cxd4 17. Bg2 Rc8 18. Rhe1 O-O 19. Re4 Rfd8 20. Ke2 Bh6 21.
h4 Nge7 22. Rg4+ Bg7 23. h5 Nf5 24. Bf4 Kh8 25. Bh3 Nb4 26. h6 Nxh6 27. Rxg7
Rc2+ 28. Nd2 Kxg7 29. Rg1+ Kh8 30. Bxh6 Rg8 31. Rxg8+ Kxg8 32. a3 Nc6 33. Bg2
Rxb2 34. Bxc6 bxc6 35. Kf3 Ra2 36. Nc4 Ra1 37. Bd2 h5 38. Bb4 Rg1 39. Be7 Rd1
40. Ke4 Rh1 41. Kxd4 h4 42. Nd2 h3 43. Nf3 Rg1 44. Ke3 Rg2 45. Bh4 h2 46. Nxh2
Rxh2 47. Be7 Kh7 48. Kd4 Rxf2 49. Kc5 Rb2 50. Kxc6 Kg6 51. Bb4 Rb3 52. d4 Kf5
53. Bc5 Ke4 54. Kd6 Rd3 55. Ke7 Rxd4 56. Bd6 Kd5 57. Kxf7 Rf4+ 58. Ke7 a5 59.
Kd7 Rf7+ 60. Kc8 a4 0-1

[Event "AUT2O-chT 1998/99"]
[Site "Stockerau"]
[Date "1999.03.13"]
[Round "10.1"]
[White "Pingitzer, Harald"]
[Black "Knoflicek, Ctibor"]
[Result "0-1"]
[WhiteElo "2300"]
[BlackElo "2165"]
[PlyCount "67"]
[EventDate "1999.03.13"]

1. d4 Nf6 2. Nf3 e6 3. e3 c5 4. Bd3 b6 5. O-O Bb7 6. Nbd2 d5 7. Ne5 Be7 8. f4
O-O 9. Qf3 Nfd7 10. f5 Nxe5 11. dxe5 exf5 12. b3 Na6 13. Bb2 Nc7 14. Qh3 Bc8
15. Rxf5 Bxf5 16. Bxf5 g6 17. Bg4 f5 18. Bf3 Ne6 19. c4 dxc4 20. Nxc4 Ng5 21.
Qg3 Nxf3+ 22. Qxf3 Qd7 23. a4 Rad8 24. Rf1 Qd5 25. Qf4 Qe4 26. Qg3 Rd3 27. Kh1
Rfd8 28. Qf2 Rd1 29. h3 Bh4 30. Qg1 Qb1 31. Na3 Rxf1 32. Nxb1 Rxg1+ 33. Kxg1
Rd1+ 34. Kh2 0-1

[Event "AUT2O-chT 1998/99"]
[Site "Stockerau"]
[Date "1999.03.13"]
[Round "10.2"]
[White "Ligezinski, Martin"]
[Black "Kummer, Helmut"]
[Result "1/2-1/2"]
[WhiteElo "2165"]
[BlackElo "2315"]
[PlyCount "78"]
[EventDate "1999.03.13"]

1. e4 e5 2. d4 exd4 3. Qxd4 Nc6 4. Qe3 b6 5. Nc3 Bc5 6. Qg3 Nf6 7. Bg5 h6 8.
Bxf6 Qxf6 9. f4 Bb4 10. Nge2 Bb7 11. O-O-O O-O-O 12. Nd5 Qg6 13. Qxg6 fxg6 14.
g3 Bc5 15. Bg2 Ne7 16. Nxe7+ Bxe7 17. Nc3 Rhe8 18. a3 g5 19. Nb5 gxf4 20. gxf4
Bh4 21. c4 Rf8 22. Rhf1 a5 23. a4 Kb8 24. b3 Rde8 25. Rd3 Bd8 26. Nc3 Rf7 27.
f5 Bf6 28. Nd5 Be5 29. h3 d6 30. Nf4 Bf6 31. Nd5 Be5 32. Bf3 Rff8 33. Bh5 Rd8
34. Rg1 c6 35. Nxb6 Kc7 36. c5 dxc5 37. Rxd8 Rxd8 38. Nc4 Bd4 39. Rd1 Rf8
1/2-1/2

[Event "AUT2O-chT 1998/99"]
[Site "Stockerau"]
[Date "1999.03.13"]
[Round "10.3"]
[White "Sandhu, Mario"]
[Black "Kuthan, Andreas"]
[Result "1/2-1/2"]
[WhiteElo "2190"]
[BlackElo "2190"]
[PlyCount "82"]
[EventDate "1999.03.13"]

1. e4 e6 2. d4 d5 3. Nd2 Nf6 4. e5 Nfd7 5. Bd3 c5 6. c3 Nc6 7. Ngf3 Qb6 8. O-O
g6 9. a3 Bg7 10. b4 cxd4 11. cxd4 a5 12. b5 Nxd4 13. Bb2 Nxe5 14. Bxd4 Nxf3+
15. Nxf3 Bxd4 16. Bxg6 Bxa1 17. Qxa1 d4 18. Bh5 Qc5 19. Nxd4 O-O 20. Be2 e5 21.
Nf3 Bg4 22. Qb1 Bh5 23. Qb2 Rfe8 24. Rc1 Qe7 25. h3 Rac8 26. Re1 Qc5 27. Qd2
Qc3 28. Qg5+ Bg6 29. Rd1 e4 30. Nh2 Qe5 31. Qh4 Qe7 32. Qh6 f5 33. h4 Red8 34.
Rxd8+ Qxd8 35. h5 Bf7 36. g4 Qh4 37. gxf5 Kh8 38. Ng4 Rg8 39. Qf4 Bxh5 40. Qe5+
Rg7 41. Qb8+ Rg8 1/2-1/2

[Event "AUT2O-chT 1998/99"]
[Site "Stockerau"]
[Date "1999.03.13"]
[Round "10.4"]
[White "Petzer, Reinhard"]
[Black "Holzer, Gerhard"]
[Result "1-0"]
[WhiteElo "2135"]
[BlackElo "2255"]
[PlyCount "80"]
[EventDate "1999.03.13"]

1. Nf3 d5 2. c4 d4 3. b4 f6 4. e3 dxe3 5. fxe3 e5 6. Qb3 c5 7. bxc5 Bxc5 8. Nc3
Ne7 9. Qb5+ Nd7 10. d4 a6 11. Qb3 Ba7 12. c5 exd4 13. exd4 b5 14. Bf4 Bb7 15.
Bd6 b4 16. Kf2 Nxc5 17. Bxc5 Bxc5 18. dxc5 Bxf3 19. Qxb4 Bc6 20. Rd1 Qc7 21.
Bd3 O-O 22. Qh4 f5 23. Rhe1 Ng6 24. Qg3 Qa5 25. Qd6 Bxg2 26. Kxg2 Qxc3 27. Be2
f4 28. Kf2 Qe3+ 29. Kf1 Qh3+ 30. Kg1 Qe3+ 31. Kf1 Qh3+ 32. Kg1 Kh8 33. Bf1 Qg4+
34. Kh1 Nh4 35. Qd5 Rae8 36. Rxe8 Rxe8 37. Re1 Rc8 38. Bxa6 f3 39. Rg1 Qh3 40.
Bxc8 Qxc8 1-0

[Event "AUT2O-chT 1998/99"]
[Site "Stockerau"]
[Date "1999.03.13"]
[Round "10.5"]
[White "Schuh, Franz"]
[Black "Kostka, Alexander"]
[Result "1-0"]
[WhiteElo "2265"]
[BlackElo "2090"]
[PlyCount "115"]
[EventDate "1999.03.13"]

1. e4 d5 2. exd5 Qxd5 3. Nc3 Qa5 4. d4 c6 5. Nf3 Nf6 6. Bd3 Bg4 7. h3 Bh5 8.
Bd2 e6 9. Ne4 Qd8 10. Nxf6+ gxf6 11. g4 Bg6 12. Be3 Bxd3 13. Qxd3 Qd5 14. Ke2
Nd7 15. c4 Qa5 16. a3 O-O-O 17. b4 Qa4 18. Qd1 Qxd1+ 19. Rhxd1 Nb6 20. Rdc1 Na4
21. Rc2 Be7 22. Rd1 b6 23. d5 Kb7 24. dxc6+ Kxc6 25. Rxd8 Rxd8 26. Nd4+ Kb7 27.
Nb5 a6 28. Nc3 Nxc3+ 29. Rxc3 Kc6 30. b5+ axb5 31. cxb5+ Kxb5 32. Rb3+ Kc4 33.
Rxb6 Bxa3 34. Rb7 Rd5 35. Rxf7 h5 36. Rxf6 hxg4 37. hxg4 Re5 38. Rf4+ Kb5 39.
Kf3 Kc6 40. Rd4 Be7 41. Re4 Rxe4 42. Kxe4 Bd6 43. Bf4 Bc5 44. f3 Kd7 45. Be5
Ke7 46. Kf4 Kf7 47. Kg5 Be3+ 48. Bf4 Bd4 49. Kh6 e5 50. Bd2 Ke6 51. g5 Kf5 52.
g6 e4 53. fxe4+ Kxe4 54. Kh7 Kf5 55. Bh6 Kg4 56. Bg7 Bc5 57. Bc3 Bf8 58. Bb4
1-0

[Event "AUT2O-chT 1998/99"]
[Site "Stockerau"]
[Date "1999.03.13"]
[Round "10.2"]
[White "Wiedner, Robert"]
[Black "Bachofner, Andreas"]
[Result "1/2-1/2"]
[WhiteElo "2190"]
[BlackElo "2165"]
[PlyCount "34"]
[EventDate "1999.03.13"]

1. c4 f5 2. g3 Nf6 3. Bg2 g6 4. Nc3 Bg7 5. Nh3 d6 6. d4 O-O 7. Nf4 e5 8. dxe5
dxe5 9. Qxd8 Rxd8 10. Nfd5 Nxd5 11. Nxd5 Rd7 12. Bg5 Kf7 13. O-O-O c6 14. Nc3
Na6 15. Na4 Rxd1+ 16. Rxd1 Be6 17. b3 e4 1/2-1/2

[Event "AUT2O-chT 1998/99"]
[Site "Stockerau"]
[Date "1999.03.13"]
[Round "10.3"]
[White "Bachofner, Christian"]
[Black "Hechl, Gerald"]
[Result "1/2-1/2"]
[WhiteElo "2050"]
[BlackElo "2190"]
[PlyCount "134"]
[EventDate "1999.03.13"]

1. e4 c5 2. Nf3 e6 3. d4 cxd4 4. Nxd4 Nf6 5. Nc3 d6 6. Bc4 a6 7. Bb3 Be7 8. Be3
O-O 9. Qe2 b5 10. a3 Bb7 11. f3 Nbd7 12. g4 Nc5 13. Ba2 Qc7 14. g5 Nfd7 15. Rg1
Rfe8 16. Rg3 g6 17. O-O-O Bf8 18. Qf2 Nb6 19. Rh3 Bg7 20. Qh4 Nc4 21. Qxh7+ Kf8
22. Bxc4 bxc4 23. Nde2 Rab8 24. Qh4 Ba8 25. Qg3 Be5 26. Bf4 Qb6 27. Bxe5 dxe5
28. Qxe5 Nd3+ 29. Rxd3 cxd3 30. Rh8+ Ke7 31. Qf6+ Kd7 32. Rxe8 Qxb2+ 33. Kd2
Qxc2+ 34. Ke3 Rxe8 35. Qd4+ Kc7 36. Qc5+ Bc6 37. Qa7+ Bb7 38. Qc5+ Kb8 39. Qd6+
Ka8 40. Qxd3 Qxd3+ 41. Kxd3 Rh8 42. Kd4 Rxh2 43. Ke5 Kb8 44. Kf6 Rh7 45. Nf4
Kc7 46. Ke7 Bc8 47. Nd3 Rh5 48. Kf6 Bd7 49. Ne5 Be8 50. Nd1 Kd6 51. Ne3 Rh3 52.
N3g4 Rh4 53. Nxf7+ Bxf7 54. Kxf7 Rh3 55. Kxg6 Rxf3 56. Nh6 Ke5 57. Nf7+ Kxe4
58. a4 Kd5 59. Kg7 e5 60. g6 Rg3 61. Kf6 Rxg6+ 62. Kxg6 e4 63. Ng5 e3 64. Kf5
e2 65. Nf3 Kc4 66. Ke4 a5 67. Ne1 Kb3 1/2-1/2